Satunnaisia valtioita Pangean kartalla - Statistics

Yleistilastot
  • Tätä visaa on pelattu 420 kertaa
  • Keskiarvotulos 17 / 20
Vastaukset kartalla
Vastauksille on annettu kartalla punavihreä väri sen mukaan, kuinka moni on saanut sen oikein.
 
Vastaustilastot
Vastaus % Oikein
Australia
100%
Egypti
100%
Islanti
100%
Italia
100%
Itävalta
100%
Kanada
100%
Latvia
100%
Libya
100%
Meksiko
100%
Norja
100%
Portugali
100%
Puola
100%
Ranska
100%
Ruotsi
100%
Tanska
100%
Venäjä
100%
Yhdysvallat
100%
Brasilia
98%
Alankomaat
97%
Chile
97%
Intia
97%
Kiina
97%
Kongon demokraattinen tasavalta
97%
Mongolia
97%
Nepal
97%
Paraguay
97%
Saksa
97%
San Marino
97%
Suomi
97%
Tšad
97%
Ukraina
97%
Espanja
95%
Etiopia
95%
Jemen
95%
Qatar
95%
Saudi-Arabia
95%
Viro
95%
Yhdistynyt kuningaskunta
95%
Argentiina
94%
Bolivia
94%
Jordania
94%
Kreikka
94%
Laos
94%
Myanmar
94%
Oman
94%
Thaimaa
94%
Etelä-Afrikka
93%
Kazakstan
93%
Kuuba
93%
Valko-Venäjä
93%
Lesotho
92%
Norsunluurannikko
92%
Togo
92%
Tšekki
92%
Filippiinit
91%
Marokko
91%
Peru
91%
Serbia
91%
Uruguay
91%
Algeria
90%
Belgia
90%
Kambodža
90%
Kroatia
90%
Liberia
90%
Liettua
90%
Slovakia
90%
Somalia
90%
Sri Lanka
90%
Afganistan
89%
Bosnia ja Hertsegovina
89%
Bulgaria
89%
Kongon tasavalta
89%
Niger
89%
Romania
89%
Sveitsi
89%
Albania
88%
Angola
88%
Burkina Faso
88%
Irak
88%
Irlanti
88%
Malta
88%
Nigeria
88%
Sambia
88%
Vatikaanivaltio
88%
Venezuela
88%
Eritrea
87%
Zimbabwe
87%
Andorra
86%
Bangladesh
86%
Georgia
86%
Keski-Afrikan tasavalta
86%
Moldova
86%
Sudan
86%
Vietnam
86%
Armenia
85%
Belize
85%
Etelä-Sudan
85%
Kypros
85%
Namibia
85%
Slovenia
85%
Indonesia
84%
Kolumbia
84%
Malesia
84%
Pohjois-Korea
84%
Syyria
84%
Ghana
83%
Itä-Timor
83%
Japani
83%
Madagaskar
83%
Mauritania
83%
Senegal
83%
Suriname
83%
Tansania
83%
Tunisia
83%
Botswana
82%
Djibouti
82%
Dominikaaninen tasavalta
82%
Mosambik
82%
Tuvalu
82%
Uusi-Seelanti
82%
Bhutan
81%
Etelä-Korea
81%
Malawi
81%
Mali
81%
Nicaragua
81%
Unkari
81%
Uzbekistan
81%
Guinea
80%
Guyana
80%
Honduras
80%
Israel
80%
Yhdistyneet arabiemiraatit
80%
Ecuador
79%
Fidži
79%
Iran
79%
Kamerun
79%
Kap Verde
79%
Kenia
79%
Kuwait
79%
Benin
78%
Kosovo
78%
Papua-Uusi-Guinea
78%
Pohjois-Makedonia
78%
Uganda
78%
Haiti
76%
Luxemburg
76%
Trinidad ja Tobago
76%
Azerbaidžan
75%
El Salvador
75%
Gambia
75%
Montenegro
75%
Päiväntasaajan Guinea
75%
Tonga
75%
Guatemala
74%
Kirgisia
74%
Libanon
74%
Panama
74%
Liechtenstein
73%
Pakistan
73%
Bahama
72%
Burundi
72%
Palau
72%
Sierra Leone
72%
Guinea-Bissau
70%
Saint Lucia
70%
Swazimaa
70%
Turkmenistan
70%
Vanuatu
70%
Malediivit
69%
Mikronesia
69%
Monaco
69%
Singapore
69%
Barbados
67%
Brunei
67%
Nauru
66%
Tadžikistan
66%
Taiwan
66%
Samoa
65%
Bahrain
64%
Jamaika
64%
Costa Rica
63%
Gabon
63%
Kiribati
63%
Marshallinsaaret
63%
Saint Kitts ja Nevis
63%
São Tomé ja Príncipe
63%
Turkki
63%
Komorit
62%
Mauritius
61%
Dominica
60%
Ruanda
59%
Salomoninsaaret
59%
Antigua ja Barbuda
58%
Seychellit
53%
Grenada
50%
Saint Vincent ja Grenadiinit
43%
Ehtoja vastaavia visoja ei löytynyt
Tulosjakauma
Jokaisen tuloksen saaneiden osuus
Persentiili vastausten määrän mukaan
Tuloshistoriasi
Et ole pelannut tätä visaa